Året 2020 - Statistics

General Stats
  • This quiz has been taken 270 times
  • The average score is 9 of 15
Answer Stats
Question Answer % Correct
Den 26 Januari omkommer en basketlegendar i en helikopterolycka, vad hette han? Kobe Bryant
100%
Helvetesvirusets år tar slut och med vaccin inkommande finns hopp om att 2021 inte blir lika hemskt, vad heter tillverkarna vaccinet som börjat användas i skrivande stund? Pfizer/BioNTech
93%
Den 46-årige afroamerikanen George Floyd dödas i samband med ett våldsamt polisingripande i Minneapolis, Minnesota, USA, vilket ger upphov till omfattande protester mot rasism och polisbrutalitet över hela USA samt andra delar av världen. Som stöd för rörelsen mot rasism börjas en särskild gest att utföras, vilken? Gå ner på ett knä och lyfta en knuten hand i skyn
89%
15 januari – Jonas Sjöstedt meddelar att han inte ställer upp till omval som partiledare vid Vänsterpartiets planerade kongress i maj. Vad heter den nya partiledaren? Nooshi Dadgostar
89%
Var 2020 ett skottår? Ja
78%
Joe Biden vinner valet i De Förenta Staterna även kallat Amerikat men vad heter den tilltänkta nya first ladyn? Jill
78%
Åklagare Krister Petersson pekar ut Stig Engström som misstänkt gärningsman i mordet på Olof Palme 1986 och lägger samtidigt ner mordutredningen. I folkmun är Stig Engström även känd som? Skandiamannen
78%
En uppmärksammad bro anländer till Stockholm den 11 mars, vad heter den? Guldbron
56%
Det beslutas att ställa in Eurovision Song Contest 2020 den 18 mars, men var var tävlingen tänkt att hålla hus? Rotterdam, Nederländerna
56%
Italien är första landet att försätta sin egen befolkning i karantän. När görs detta? 9 mars
48%
Att Turkiet kommit att bli mer och mer odemokratiskt under Recep Tayyip Erdoğans styre har nog ingen undgått, men vad heter partiet han representerar som grundades så sent som 2001. AKP
48%
Frankrikes premiärminister och hans regering avgå, vad heter den numera före detta premiärministern Édouard Philippe
44%
Storbritannien lämnar den Europeiska Unionen den 31 Januari, Ursprungligen skulle brexit ha ägt rum.. Ja när då? Mars 2019
33%
Som bekant har varje år i Kinesisk kalendarium ett djur förknippat med sig, och 2020 är... Råttans år
33%
Även sportevent, däribland Europamästerskapen i Fotboll skjuts upp. Den tilltänkta strukturen för EM blev också hårt kritiserad i samband med detta. Vad var det som var speciellt med den? Den var tilltänkt att spelas i många olika länder vilket ur framförallt ett miljöperspektiv ifrågasattes.
19%
No matching quizzes found
Score Distribution
Percent of People with Each Score
Percentile by Number Answered
Your Score History
You have not taken this quiz